| 000 | 004650000a22001810004500 | ||
|---|---|---|---|
| 003 | LK-CoMWRAF | ||
| 005 | 20231130122226.0 | ||
| 008 | 230817t ||||| |||| 00| 0 eng d | ||
| 040 |
_aLK-CoMWRAF _dLK-CoMWRAF _eLK-CoMWRAF |
||
| 041 | _aeng | ||
| 082 |
_a297 _bHUS |
||
| 100 | _aHusain, S.Muzaffar | ||
| 245 | _aReligion and its necessity | ||
| 260 |
_aPakistan (Karachi) : _bThe Holy Quran society, |
||
| 300 | _a27p | ||
| 650 | _aIslam--Religion | ||
| 942 | _cBK | ||
| 999 |
_c1783 _d1783 |
||